All Legendary Pokemon Gen 1-9 - Statistics

General Stats
  • This quiz has been taken 37 times
    27 since last reset
  • The average score is 61 of 110
Answer Stats
Hint Answer % Correct
Gen 2 Ho-Oh
95%
Gen 1 Articuno
90%
Gen 3 Groudon
90%
Gen 2 Lugia
90%
Gen 1 Mew
90%
Gen 1 Mewtwo
90%
Gen 1 Moltres
90%
Gen 2 Raikou
90%
Gen 3 Rayquaza
90%
Gen 1 Zapdos
90%
Gen 2 Entei
85%
Gen 3 Kyogre
85%
Gen 3 Latias
85%
Gen 3 Latios
85%
Gen 3 Regice
85%
Gen 3 Regirock
85%
Gen 2 Suicune
85%
Gen 2 Celebi
80%
Gen 3 Registeel
80%
Gen 4 Dialga
75%
Gen 4 Palkia
75%
Gen 6 Yveltal
75%
Gen 4 Arceus
70%
Gen 4 Darkrai
70%
Gen 3 Deoxys
70%
Gen 4 Giratina
70%
Gen 4 Heatran
70%
Gen 3 Jirachi
70%
Gen 4 Regigigas
70%
Gen 5 Reshiram
70%
Gen 6 Xerneas
70%
Gen 5 Zekrom
70%
Gen 4 Azelf
65%
Gen 8 Eternatus
65%
Gen 5 Kyurem
65%
Gen 7 Lunala
65%
Gen 7 Necrozma
65%
Gen 8 Regidrago
65%
Gen 8 Regieleki
65%
Gen 7 Solgaleo
65%
Gen 5 Thundurus
65%
Gen 5 Tornadus
65%
Gen 4 Uxie
65%
Gen 6 Zygarde
65%
Gen 7 Cosmog
60%
Gen 5 Landorus
60%
Gen 4 Mesprit
60%
Gen 6 Volcanion
60%
Gen 8 Zacian
60%
Gen 7 Cosmoem
55%
Gen 4 Cresselia
55%
Gen 7 Tapu Koko
55%
Gen 7 Tapu Lele
55%
Gen 5 Victini
55%
Gen 5 Virizion
55%
Gen 8 Zamazenta
55%
Gen 5 Cobalion
50%
Gen 6 Diancie
50%
Gen 8 Enamorus
50%
Gen 4 Shaymin
50%
Gen 7 Tapu Fini
50%
Gen 5 Terrakion
50%
Gen 8 Urshifu
50%
Gen 7 Zeraora
50%
Gen 7 Buzzwole
45%
Gen 8 Calyrex
45%
Gen 9 Chien-Pao
45%
Gen 7 Guzzlord
45%
Gen 7 Kartana
45%
Gen 5 Keldeo
45%
Gen 8 Kubfu
45%
Gen 3 Manaphy
45%
Gen 7 Tapu Bulu
45%
Gen 9 Ting-Lu
45%
Gen 7 Blacephalon
40%
Gen 9 Koraidon
40%
Gen 7 Magearna
40%
Gen 9 Miraidon
40%
Gen 7 Naganadel
40%
Gen 7 Poipole
40%
Gen 7 Silvally
40%
Gen 8 Spectrier / Glastrier
40%
Gen 7 Type: Null
40%
Gen 9 Wo-Chien
40%
Gen 8 Zarude
40%
Gen 9 Chi-Yu
35%
Gen 9 Fezandipiti
35%
Gen 5 Genesect
35%
Gen 6 Hoopa
35%
Gen 9 Munkidori
35%
Gen 9 Ogerpon
35%
Gen 3 Phione
35%
Gen 7 Stakataka
35%
Gen 7 Xurkitree
35%
Gen 7 Celesteela
30%
Gen 7 Melmetal
30%
Gen 9 Okidogi
30%
Gen 9 Pecharunt
30%
Gen 7 Pheromosa
30%
Gen 9 Terapagos
30%
Gen 9 Iron Boulder
25%
Gen 9 Iron Leaves
25%
Gen 5 Meloetta
25%
Gen 7 Meltan
25%
Gen 9 Walking Wake
25%
Gen 9 Gouging Fire
20%
Gen 9 Iron Crown
20%
Gen 7 Marshadow
20%
Gen 9 Raging Bolt
20%
Gen 7 Nihilego
15%
No matching quizzes found
Score Distribution
Percent of People with Each Score
Percentile by Number Answered
Your Score History
You have not taken this quiz since the last reset